000 00316nam a22001457a 4500
008 221013b ||||| |||| 00| 0 eng d
020 _a9780838570739
041 _aeng
080 _a610.73
082 _a610.73
100 _a9
101 _ainf
245 _aNURSING ADMINISTRATION
_cDECKER PH
942 _2udc
_cBK
999 _c58551
_d58551